Mafalda (Record no. 28166)

MARC details
000 -LEADER
fixed length control field 00728cam a2200253Ia 4500
001 - CONTROL NUMBER
control field 53011622
003 - CONTROL NUMBER IDENTIFIER
control field OCoLC
005 - DATE AND TIME OF LATEST TRANSACTION
control field 20230613204009.0
008 - FIXED-LENGTH DATA ELEMENTS--GENERAL INFORMATION
fixed length control field 030911s2000 ag a j 000 0 spa d
020 ## - INTERNATIONAL STANDARD BOOK NUMBER
International Standard Book Number 9505156030
020 ## - INTERNATIONAL STANDARD BOOK NUMBER
International Standard Book Number 9789505156030
040 ## - CATALOGING SOURCE
Original cataloging agency N94
Transcribing agency N94
Modifying agency OCLCQ
-- BAKER
041 ## - LANGUAGE CODE
Language code of text/sound track or separate title spa
092 ## - LOCALLY ASSIGNED DEWEY CALL NUMBER (OCLC)
Classification number SPA 741.5 Quino
092 0# - LOCALLY ASSIGNED DEWEY CALL NUMBER (OCLC)
Classification number J 741.5
Item number Qu
Edition number 21
100 0# - MAIN ENTRY--PERSONAL NAME
Personal name Quino.
245 10 - TITLE STATEMENT
Title Mafalda
Number of part/section of a work 3 /
Statement of responsibility, etc. Quino.
246 ## - VARYING FORM OF TITLE
Title proper/short title Mafalda three
260 ## - PUBLICATION, DISTRIBUTION, ETC. (IMPRINT)
Place of publication, distribution, etc. Buenos Aires, Argentina :
Name of publisher, distributor, etc. Rafael Caldaza :
-- Ediciones de la flor,
Date of publication, distribution, etc. 2000.
300 ## - PHYSICAL DESCRIPTION
Extent 1 v. (unpaged) :
Other physical details ill. ;
Dimensions 14 x 20 cm.
650 #0 - SUBJECT ADDED ENTRY--TOPICAL TERM
Topical term or geographic name as entry element Comic books, strips, etc.
Form subdivision Juvenile literature.
650 #0 - SUBJECT ADDED ENTRY--TOPICAL TERM
Topical term or geographic name as entry element Mafalda (Fictitious character : Quino)
942 ## - ADDED ENTRY ELEMENTS (KOHA)
Koha item type Libro/Book
Holdings
Withdrawn status Lost status Damaged status Not for loan Home library Current library Shelving location Date acquired Total Checkouts Full call number Barcode Date last seen Date checked out Price effective from Koha item type
        San Juan Del Sur -- Biblioteca San Juan Del Sur -- Biblioteca Children's Area 13/06/2023 1 JFI CAJA/ESTANTE ESPANOL 30023147 04/09/2023 15/08/2023 13/06/2023 Libro/Book

Powered by Koha